[Event "Toronto Candidates Blitz op"]
[Site "Toronto"]
[Date "2024.04.08"]
[Round "7"]
[White "Kosteniuk, Alexandra"]
[Black "Mai, Lloyd"]
[Result "1-0"]
[WhiteElo "2501"]
[BlackElo "2197"]
[PlyCount "75"]
[EventDate "2024.04.08"]
[EventType "swiss (blitz)"]
[EventRounds "9"]
[EventCountry "CAN"]
[SourceTitle "CB16_2024"]
[SourceDate "2024.04.17"]
[SourceVersion "1"]
[SourceVersionDate "2024.04.17"]
[SourceQuality "1"]

1. e4 c5 2. d4 cxd4 3. Qxd4 Nc6 4. Qd3 g6 5. Nc3 Bg7 6. Nf3 d6 7. Be2 Nf6 8. 0-0 0-0 9. Nd5 Bg4 10. c3 Bxf3 11. Bxf3 Ne5 12. Qd1 Nxf3+ 13. Qxf3 e6 14. Nxf6+ Qxf6 15. Qg3 Qe7 16. Rd1 Rfd8 17. Bg5 f6 18. Bf4 d5 19. exd5 Rxd5 20. Rxd5 exd5 21. Rd1 Rd8 22. h4 Qe4 23. Be3 Qc4 24. h5 g5 25. Rd2 Bf8 26. Bxg5 Kf7 27. Qf3 Be7 28. b3 Qc6 29. Bh4 Rd6 30. Qf5 d4 31. Qxh7+ Ke8 32. Qg8+ Kd7 33. Qg4+ Kc7 34. Rxd4 f5 35. Qg7 Rxd4 36. cxd4 Qc1+ 37. Kh2 Kb6 38. Qxe7 1-0

[Event "CAN-ch University"]
[Site "London"]
[Date "2017.01.14"]
[Round "2"]
[White "Mai, Lloyd"]
[Black "Marin, Sam"]
[Result "1-0"]
[WhiteElo "2353"]
[BlackElo "2155"]
[PlyCount "69"]
[EventDate "2017.01.14"]
[EventType "swiss"]
[EventRounds "5"]
[EventCountry "CAN"]
[SourceTitle "EXT 2022"]
[Source "ChessBase"]
[SourceDate "2021.10.06"]
[SourceVersion "1"]
[SourceVersionDate "2021.10.06"]
[SourceQuality "1"]

1. e4 e6 2. d3 d5 3. Nd2 c5 4. g3 Nc6 5. Bg2 Nf6 6. Ngf3 Be7 7. 0-0 0-0 8. Qe2 Qc7 9. e5 Nd7 10. Re1 b5 11. Nf1 a5 12. Bf4 Ba6 13. h4 b4 14. N1h2 c4 15. Ng4 Nc5 16. Rad1 b3 17. axb3 cxd3 18. cxd3 Nb4 19. Nf6+ gxf6 20. exf6 Qd8 21. fxe7 Qxe7 22. Ne5 f6 23. Qg4+ Qg7 24. d4 fxe5 25. Qxg7+ Kxg7 26. Bxe5+ Kf7 27. dxc5 Nd3 28. Re3 Nxc5 29. Bd6 Rfc8 30. Rde1 Nd3 31. Rf3+ Kg7 32. Rxe6 Rc1+ 33. Kh2 Ne1 34. Re7+ Kg6 35. Rff7 1-0

[Event "Pan American Intercollegiate-chT"]
[Site "Kenner"]
[Date "2016.12.29"]
[Round "4.4"]
[White "Jacobson, Aaron"]
[Black "Mai, Lloyd"]
[Result "0-1"]
[WhiteElo "2136"]
[BlackElo "2201"]
[PlyCount "86"]
[EventDate "2016.12.27"]
[EventType "team-swiss"]
[EventRounds "6"]
[EventCountry "USA"]
[SourceTitle "CBM 176 Extra"]
[Source "ChessBase"]
[SourceDate "2017.03.02"]
[SourceVersion "1"]
[SourceVersionDate "2017.03.02"]
[SourceQuality "1"]
[WhiteTeam "Columbia Univ"]
[BlackTeam "Toronto Univ"]
[WhiteTeamCountry "USA"]
[BlackTeamCountry "USA"]

1. e4 g6 2. d4 Bg7 3. Nc3 a6 4. Be3 d6 5. Qd2 Nd7 6. 0-0-0 b5 7. d5 Bb7 8. a3 c5 9. dxc6 Bxc6 10. Bd4 Ngf6 11. f3 Qb8 12. Na2 a5 13. Kb1 0-0 14. g4 Rc8 15. Bd3 e5 16. Bc3 Qb6 17. b3 d5 18. g5 d4 19. Bb2 Nh5 20. Ne2 Nc5 21. Nac1 Rcb8 22. Ng3 Nf4 23. Nge2 Nfe6 24. Ka1 Bf8 25. Na2 Nxd3 26. Qxd3 Nc5 27. Qd2 b4 28. a4 Bxa4 29. bxa4 b3 30. Nac1 Nxa4 31. cxb3 Nxb2 32. Qxb2 a4 33. b4 Bxb4 34. Nd3 Qd6 35. Qc2 Rc8 36. Qb1 Rab8 37. Rc1 Bc3+ 38. Nxc3 Rxc3 39. Rxc3 Rxb1+ 40. Kxb1 dxc3 41. Kc2 Qa3 42. Nxe5 Qb2+ 43. Kd3 c2 0-1

[Event "North American-ch U18"]
[Site "Montreal"]
[Date "2010.08.18"]
[Round "6"]
[White "Mai, Lloyd"]
[Black "Dumont, Felix"]
[Result "1-0"]
[WhiteElo "2366"]
[BlackElo "2070"]
[PlyCount "55"]
[EventDate "2010.08.16"]
[EventType "swiss"]
[EventRounds "7"]
[EventCountry "CAN"]
[SourceTitle "EXT 2013"]
[Source "ChessBase"]
[SourceDate "2012.11.22"]
[SourceVersion "1"]
[SourceVersionDate "2012.11.22"]
[SourceQuality "1"]

1. e4 c5 2. Nf3 d6 3. d4 cxd4 4. Nxd4 Nf6 5. Nc3 a6 6. Bg5 e6 7. f4 Qb6 8. Qd3 Qxb2 9. Rb1 Qa3 10. f5 Qa5 11. Be2 Nc6 12. Nxc6 bxc6 13. 0-0 Be7 14. Bd2 Qc7 15. Rb3 0-0 16. g4 a5 17. g5 Nd7 18. f6 Nc5 19. Qf3 Nxb3 20. cxb3 Bd8 21. e5 d5 22. Bd3 Qxe5 23. Qh3 h6 24. gxh6 g6 25. h7+ Kh8 26. Qh6 Bxf6 27. Qxf8+ Kxh7 28. Qxf7+ 1-0

[Event "North American-ch U18"]
[Site "Montreal"]
[Date "2010.08.17"]
[Round "4"]
[White "Poulin, Mathieu"]
[Black "Mai, Lloyd"]
[Result "0-1"]
[WhiteElo "1955"]
[BlackElo "2366"]
[PlyCount "68"]
[EventDate "2010.08.16"]
[EventType "swiss"]
[EventRounds "7"]
[EventCountry "CAN"]
[SourceTitle "EXT 2013"]
[Source "ChessBase"]
[SourceDate "2012.11.22"]
[SourceVersion "1"]
[SourceVersionDate "2012.11.22"]
[SourceQuality "1"]

1. d4 Nf6 2. c4 g6 3. Nc3 Bg7 4. e4 d6 5. f3 0-0 6. Be3 e5 7. d5 Nh5 8. Nge2 f5 9. Qd2 a5 10. 0-0-0 Na6 11. Kb1 b6 12. Nb5 fxe4 13. fxe4 Nf6 14. Nec3 Ng4 15. Be2 Nf2 16. Bxf2 Rxf2 17. Rdf1 Rxg2 18. Qe3 Bg4 19. Bf3 Bxf3 20. Qxf3 Qg5 21. Qd1 Rf8 22. Rxf8+ Bxf8 23. h3 Qd2 24. Qxd2 Rxd2 25. Kc1 Bh6 26. Kb1 Bf4 27. a3 g5 28. Rd1 Rh2 29. Rd3 h5 30. Nd1 g4 31. hxg4 hxg4 32. Rc3 g3 33. Ne3 Re2 34. Kc1 Rxe3 0-1

[Event "Trois-Rivieres Mauricie op"]
[Site "Trois Rivieres"]
[Date "2010.03.21"]
[Round "4"]
[White "Mai, Lloyd"]
[Black "Larochelle, Martial"]
[Result "1-0"]
[WhiteElo "2294"]
[BlackElo "2186"]
[PlyCount "41"]
[EventDate "2010.03.19"]
[EventType "swiss"]
[EventRounds "5"]
[EventCountry "CAN"]
[SourceTitle "EXT 2022"]
[Source "ChessBase"]
[SourceDate "2021.10.06"]
[SourceVersion "1"]
[SourceVersionDate "2021.10.06"]
[SourceQuality "1"]

1. e4 c5 2. Nf3 d6 3. d4 cxd4 4. Nxd4 Nf6 5. Nc3 a6 6. f4 e5 7. Nf3 Nbd7 8. a4 Be7 9. Bd3 0-0 10. 0-0 exf4 11. Bxf4 Qb6+ 12. Kh1 Qxb2 13. Nd5 Nxd5 14. exd5 Qb6 15. Ng5 Nf6 16. Qe2 Re8 17. Be3 Qc7 18. Nxh7 Nxd5 19. Qh5 Be6 20. Bd4 Qd7 21. Nf8 1-0

[Event "Trois-Rivieres Mauricie op"]
[Site "Trois Rivieres"]
[Date "2010.03.20"]
[Round "2"]
[White "Mai, Lloyd"]
[Black "Libersan, Thierry"]
[Result "0-1"]
[WhiteElo "2294"]
[BlackElo "2122"]
[PlyCount "58"]
[EventDate "2010.03.19"]
[EventType "swiss"]
[EventRounds "5"]
[EventCountry "CAN"]
[SourceTitle "EXT 2022"]
[Source "ChessBase"]
[SourceDate "2021.10.06"]
[SourceVersion "1"]
[SourceVersionDate "2021.10.06"]
[SourceQuality "1"]

1. e4 c5 2. Nc3 Nc6 3. Nge2 e6 4. d4 cxd4 5. Nxd4 Qc7 6. Be3 a6 7. Bd3 b5 8. 0-0 Bb7 9. Nb3 Nf6 10. f4 d6 11. a3 Be7 12. Qe2 0-0 13. Rad1 Rac8 14. Rf3 Ng4 15. Bc1 b4 16. Na4 bxa3 17. bxa3 Na5 18. Rh3 Nxb3 19. cxb3 Qxc1 20. Qxg4 Qxa3 21. f5 exf5 22. exf5 Bf6 23. Rh6 Rc1 24. Rxf6 Rxd1+ 25. Qxd1 gxf6 26. Bf1 Qb4 27. Qa1 Kg7 28. Nc3 Qd4+ 29. Kh1 Rc8 0-1

[Event "Quebec-ch classe"]
[Site "Trois Rivieres"]
[Date "2009.10.10"]
[Round "3"]
[White "Mai, Lloyd"]
[Black "Libersan, Thierry"]
[Result "1-0"]
[WhiteElo "2282"]
[BlackElo "2084"]
[PlyCount "73"]
[EventDate "2009.10.09"]
[EventType "swiss"]
[EventRounds "5"]
[EventCountry "CAN"]
[SourceTitle "EXT 2011"]
[Source "ChessBase"]
[SourceDate "2010.11.26"]
[SourceVersion "1"]
[SourceVersionDate "2010.11.26"]
[SourceQuality "1"]

1. e4 c5 2. Nf3 d6 3. d4 cxd4 4. Nxd4 Nf6 5. Nc3 a6 6. g3 e5 7. Nde2 Be7 8. Bg2 Be6 9. 0-0 0-0 10. h3 Nbd7 11. a4 Rc8 12. Be3 Qa5 13. g4 Rfd8 14. Nd5 Bxd5 15. exd5 Re8 16. Nc3 Nc5 17. g5 Nfd7 18. Qg4 f5 19. Qxf5 Qb4 20. Ne4 g6 21. Qg4 Nxe4 22. c3 Qxb2 23. Rab1 Qa3 24. Qxd7 Nc5 25. Bxc5 Qxc5 26. Rxb7 Qxc3 27. Kh1 Kh8 28. Ra7 a5 29. Rb7 Qd2 30. Qe6 Qxg5 31. f4 exf4 32. Re1 f3 33. Bxf3 Rc1 34. Bd1 Qh4 35. Qe3 Qg5 36. Qe6 Rc3 37. Bg4 1-0

[Event "Mauricie op"]
[Site "Trois Rivieres"]
[Date "2009.03.22"]
[Round "4"]
[White "Masse, Hugues"]
[Black "Mai, Lloyd"]
[Result "0-1"]
[WhiteElo "2311"]
[BlackElo "2115"]
[PlyCount "74"]
[EventDate "2009.03.20"]
[EventType "swiss"]
[EventRounds "5"]
[EventCountry "CAN"]
[SourceTitle "EXT 2011"]
[Source "ChessBase"]
[SourceDate "2010.11.26"]
[SourceVersion "1"]
[SourceVersionDate "2010.11.26"]
[SourceQuality "1"]

1. d4 Nf6 2. c4 g6 3. Nc3 Bg7 4. e4 d6 5. Nf3 0-0 6. Be2 e5 7. Be3 Nc6 8. d5 Ne7 9. Nd2 Nd7 10. 0-0 f5 11. f3 f4 12. Bf2 g5 13. b4 Nf6 14. c5 Ng6 15. Nc4 b6 16. a4 Rf7 17. cxd6 cxd6 18. a5 Rb8 19. Nb5 Bf8 20. Nxa7 Rxa7 21. Bxb6 Qd7 22. b5 Raa8 23. Bf2 Qxb5 24. Nb6 Qe8 25. Nxa8 Rxa8 26. a6 g4 27. a7 g3 28. hxg3 fxg3 29. Bxg3 Nh5 30. Bh2 Qe7 31. Qc2 Bh6 32. Rfb1 Be3+ 33. Kf1 Qh4 34. Ba6 Qxh2 35. Ke2 Qxg2+ 36. Kd1 Qg1+ 37. Ke2 Ngf4# 0-1

[Event "Mauricie op"]
[Site "Trois Rivieres"]
[Date "2009.03.21"]
[Round "2"]
[White "Mai, Lloyd"]
[Black "Wilkin, Alain"]
[Result "1/2-1/2"]
[WhiteElo "2115"]
[BlackElo "1965"]
[PlyCount "134"]
[EventDate "2009.03.20"]
[EventType "swiss"]
[EventRounds "5"]
[EventCountry "CAN"]
[SourceTitle "EXT 2011"]
[Source "ChessBase"]
[SourceDate "2010.11.26"]
[SourceVersion "1"]
[SourceVersionDate "2010.11.26"]
[SourceQuality "1"]

1. e4 c5 2. Nf3 e6 3. d3 Nc6 4. g3 d6 5. Bg2 Nf6 6. 0-0 Be7 7. Nbd2 0-0 8. Re1 Nd7 9. Nf1 Bf6 10. Qe2 Nd4 11. Nxd4 cxd4 12. f4 Qc7 13. Qf2 a5 14. g4 g6 15. g5 Bg7 16. Re2 Nc5 17. h4 f6 18. Nh2 fxg5 19. hxg5 e5 20. Qh4 Qe7 21. Rf2 exf4 22. Bxf4 Ne6 23. Raf1 Nxf4 24. Rxf4 Rxf4 25. Rxf4 Be5 26. Rf2 Be6 27. a3 Rf8 28. Ng4 Bxg4 29. Rxf8+ Kxf8 30. Qxg4 Qc7 31. Qf3+ Kg7 32. Qf2 Qe7 33. Qd2 b6 34. c3 Qe6 35. Kf1 Qg4 36. cxd4 Bxd4 37. b3 Qg3 38. Qc2 Qf4+ 39. Ke1 Qe3+ 40. Qe2 Qc1+ 41. Qd1 Qxg5 42. Bf3 Qe3+ 43. Be2 h5 44. Qc2 Qg3+ 45. Kd1 Be3 46. Qc7+ Kh6 47. Qf7 Bd4 48. Qf8+ Bg7 49. Qd8 Qg1+ 50. Kd2 Qd4 51. a4 Qb4+ 52. Ke3 Kh7 53. Qe7 Qc5+ 54. Kd2 Qd4 55. Qf7 Qb2+ 56. Ke3 Qc1+ 57. Kf2 Kh6 58. Kf3 Qh1+ 59. Ke3 Qg1+ 60. Kd2 Qg5+ 61. Kd1 h4 62. Qf3 Kh7 63. Qg4 Qf6 64. Ke1 Bh6 65. Qd7+ Bg7 66. Qg4 Bh6 67. Qd7+ Bg7 1/2-1/2

[Event "Wch U16"]
[Site "Vung Tau"]
[Date "2008.10.26"]
[Round "7"]
[White "Muller, Jonas"]
[Black "Mai, Lloyd"]
[Result "0-1"]
[WhiteElo "1998"]
[BlackElo "2150"]
[PlyCount "48"]
[EventDate "2008.10.20"]
[EventType "swiss"]
[EventRounds "11"]
[EventCountry "VIE"]
[SourceTitle "EXT 2009"]
[Source "ChessBase"]
[SourceDate "2008.11.26"]
[SourceVersion "1"]
[SourceVersionDate "2008.11.26"]
[SourceQuality "1"]

1. e4 c5 2. Nf3 d6 3. d4 cxd4 4. Nxd4 Nf6 5. Nc3 g6 6. Be3 Bg7 7. f3 0-0 8. Qd2 Nc6 9. 0-0-0 d5 10. Nxc6 bxc6 11. exd5 Nxd5 12. Nxd5 cxd5 13. Bh6 Bxh6 14. Qxh6 Qa5 15. Kb1 Rb8 16. h4 Bf5 17. Bd3 Rb6 18. Bxf5 Rfb8 19. b3 Ra6 20. Bd3 Rxb3+ 21. Kc1 Qc3 22. Bxa6 Rb2 23. Qd2 Qa3 24. Qg5 Qb4 0-1

[Event "Wch U16"]
[Site "Vung Tau"]
[Date "2008.10.23"]
[Round "5"]
[White "Rojas Alarcon, Julian Antonio"]
[Black "Mai, Lloyd"]
[Result "1-0"]
[WhiteElo "2187"]
[BlackElo "2150"]
[PlyCount "95"]
[EventDate "2008.10.20"]
[EventType "swiss"]
[EventRounds "11"]
[EventCountry "VIE"]
[SourceTitle "EXT 2009"]
[Source "ChessBase"]
[SourceDate "2008.11.26"]
[SourceVersion "1"]
[SourceVersionDate "2008.11.26"]
[SourceQuality "1"]

1. c4 g6 2. Nc3 Bg7 3. g3 d6 4. Bg2 e5 5. Nf3 f5 6. d3 Nf6 7. Rb1 0-0 8. b4 c6 9. Qb3 Kh8 10. c5 e4 11. dxe4 fxe4 12. Nd2 d5 13. 0-0 Na6 14. Ba3 Nc7 15. b5 Ne6 16. bxc6 bxc6 17. Qa4 Qc7 18. Nb3 Nd7 19. Nd1 Ne5 20. Ne3 Rb8 21. f4 Nd7 22. Rbc1 Rb5 23. Nxd5 Qb8 24. Ne7 Bb7 25. Qxe4 Nd8 26. f5 Nf6 27. Qh4 g5 28. Ng6+ Kg8 29. Qc4+ Rf7 30. Bb2 Ba6 31. Ne5 Rxb3 32. Qxb3 Qxb3 33. axb3 Rc7 34. Rfd1 Nf7 35. Nxc6 Bxe2 36. Rd2 Bg4 37. Nd4 Ne8 38. Rf1 Rxc5 39. h3 Bxf5 40. Nxf5 Bxb2 41. Rxb2 a5 42. Bd5 Kf8 43. Nh6 Kg7 44. Rxf7+ Kxh6 45. Be4 Ng7 46. Rbf2 a4 47. g4 Nf5 48. R2xf5 1-0

[Event "Wch U16"]
[Site "Vung Tau"]
[Date "2008.10.22"]
[Round "4"]
[White "Ivekovic, Zvonimir"]
[Black "Mai, Lloyd"]
[Result "0-1"]
[WhiteElo "2270"]
[BlackElo "2150"]
[PlyCount "74"]
[EventDate "2008.10.20"]
[EventType "swiss"]
[EventRounds "11"]
[EventCountry "VIE"]
[SourceTitle "EXT 2009"]
[Source "ChessBase"]
[SourceDate "2008.11.26"]
[SourceVersion "1"]
[SourceVersionDate "2008.11.26"]
[SourceQuality "1"]

1. e4 c5 2. Nf3 d6 3. d4 cxd4 4. Nxd4 Nf6 5. Nc3 g6 6. Be3 Bg7 7. f3 0-0 8. Qd2 Nc6 9. 0-0-0 d5 10. exd5 Nxd5 11. Nxc6 bxc6 12. Bd4 e5 13. Bc5 Be6 14. Ne4 Re8 15. h4 h6 16. g4 Qc7 17. Bd6 Qb6 18. Bc4 Red8 19. Bc5 Qc7 20. h5 Nb6 21. Bd6 Rxd6 22. Nxd6 Nxc4 23. Nxc4 Bxc4 24. g5 e4 25. gxh6 Bf6 26. hxg6 Qe5 27. h7+ Kg7 28. Qb4 Bxa2 29. f4 Qxf4+ 30. Rd2 Bg5 31. Qd4+ Kxg6 32. Rhd1 Kxh7 33. Rh1+ Kg6 34. Rg1 Kf5 35. Qc5+ Bd5 36. Rxg5+ Kxg5 37. Qg1+ Kf5 0-1

[Event "Quebec op U2400"]
[Site "Montreal"]
[Date "2008.07.21"]
[Round "3"]
[White "Keith Jacques, Liam"]
[Black "Mai, Lloyd"]
[Result "1/2-1/2"]
[WhiteElo "2040"]
[BlackElo "2179"]
[PlyCount "95"]
[EventDate "2008.07.19"]
[EventType "swiss"]
[EventRounds "9"]
[EventCountry "CAN"]
[SourceTitle "EXT 2011"]
[Source "ChessBase"]
[SourceDate "2010.11.26"]
[SourceVersion "1"]
[SourceVersionDate "2010.11.26"]
[SourceQuality "1"]

1. e4 c5 2. Nf3 d6 3. d4 cxd4 4. Nxd4 Nf6 5. Nc3 g6 6. Be3 Bg7 7. f3 0-0 8. Qd2 Nc6 9. Bc4 Bd7 10. 0-0-0 Rc8 11. Bb3 Ne5 12. h4 h5 13. Bh6 Bxh6 14. Qxh6 Rxc3 15. bxc3 Qc7 16. Kb1 a5 17. f4 Nfg4 18. Qg5 a4 19. fxe5 axb3 20. cxb3 Nxe5 21. Qxe7 Qxc3 22. Qg5 Re8 23. Ne2 Qc5 24. Nf4 Bg4 25. Rc1 Qd4 26. Rhe1 Nd3 27. Nxd3 Qxd3+ 28. Ka1 Qd4+ 29. Kb1 Rxe4 30. Rxe4 Qxe4+ 31. Kb2 Qxg2+ 32. Rc2 Qg3 33. Qd8+ Kg7 34. Rc7 Qe5+ 35. Ka3 Qa5+ 36. Kb2 Qd2+ 37. Ka3 b5 38. Qe7 Be6 39. Rb7 Qa5+ 40. Kb2 Bd5 41. Rb8 Qd2+ 42. Kb1 Qd1+ 43. Kb2 Qd4+ 44. Ka3 Qc5+ 45. Kb2 Bc6 46. Qd8 Qe5+ 47. Ka3 Qc5+ 48. Kb2 1/2-1/2

[Event "Wch U14"]
[Site "Kemer"]
[Date "2007.11.26"]
[Round "9"]
[White "Tilicheev, Viacheslav"]
[Black "Mai, Lloyd"]
[Result "1-0"]
[WhiteElo "2117"]
[BlackElo "2166"]
[PlyCount "113"]
[EventDate "2007.11.18"]
[EventType "swiss"]
[EventRounds "11"]
[EventCountry "TUR"]
[SourceTitle "CBM 121 Extra"]
[Source "ChessBase"]
[SourceDate "2008.01.10"]
[SourceVersion "1"]
[SourceVersionDate "2008.01.10"]
[SourceQuality "1"]

1. e4 c5 2. Nf3 d6 3. d4 cxd4 4. Nxd4 Nf6 5. Nc3 g6 6. Be3 Bg7 7. f3 0-0 8. Qd2 Nc6 9. 0-0-0 d5 10. exd5 Nxd5 11. Nxc6 bxc6 12. Bd4 Nxc3 13. Qxc3 Bh6+ 14. Be3 Bxe3+ 15. Qxe3 Qb6 16. Qc3 Be6 17. b3 Rfd8 18. Bd3 Rd5 19. h4 Rad8 20. h5 Rc5 21. Qb2 Rxh5 22. Rxh5 gxh5 23. Qe5 Rd5 24. Qg3+ Kh8 25. Re1 Qd4 26. Qb8+ Kg7 27. Qg3+ Kh8 28. Qb8+ Kg7 29. Qg3+ Kf8 30. Qb8+ Kg7 31. Qg3+ Kh8 32. Qb8+ Rd8 33. Qe5+ Qxe5 34. Rxe5 Rd5 35. Rxd5 Bxd5 36. Kd2 Kg7 37. Ke3 h6 38. c4 Be6 39. Kd4 Bd7 40. Kc5 f5 41. f4 Kf6 42. Be2 h4 43. Kd4 Bc8 44. Bf3 Bd7 45. b4 Ke6 46. Bh5 Bc8 47. Kc5 Bd7 48. a4 Kf6 49. a5 e5 50. Kd6 Bc8 51. fxe5+ Kg5 52. e6 Bxe6 53. Kxe6 Kxh5 54. Kxf5 a6 55. b5 cxb5 56. cxb5 axb5 57. a6 1-0

[Event "Wch U14"]
[Site "Kemer"]
[Date "2007.11.25"]
[Round "8"]
[White "Mai, Lloyd"]
[Black "Baghdasaryan, Vahe"]
[Result "1/2-1/2"]
[WhiteElo "2166"]
[BlackElo "2137"]
[PlyCount "137"]
[EventDate "2007.11.18"]
[EventType "swiss"]
[EventRounds "11"]
[EventCountry "TUR"]
[SourceTitle "CBM 121 Extra"]
[Source "ChessBase"]
[SourceDate "2008.01.10"]
[SourceVersion "1"]
[SourceVersionDate "2008.01.10"]
[SourceQuality "1"]

1. e4 c5 2. Nf3 e6 3. d4 cxd4 4. Nxd4 Nc6 5. Nc3 Qc7 6. Be3 a6 7. Qd2 Nf6 8. f3 Bb4 9. Nde2 0-0 10. a3 Be7 11. Bf4 d6 12. 0-0-0 e5 13. Bg5 Be6 14. Bxf6 Bxf6 15. Nd5 Bxd5 16. Qxd5 Rac8 17. Qd2 b5 18. h4 b4 19. Qxd6 Qb6 20. Qd3 Rfd8 21. Qb3 Rxd1+ 22. Kxd1 Qf2 23. Nc1 Rd8+ 24. Nd3 Bxh4 25. Kc1 Qe3+ 26. Kb1 Be7 27. axb4 Rb8 28. c3 a5 29. b5 Na7 30. Nxe5 Qf4 31. Nxf7 a4 32. Qd5 Qxf7 33. Bc4 Qxd5 34. Bxd5+ Kh8 35. c4 Bd6 36. Rd1 Be5 37. Be6 g6 38. Rd7 Rb6 39. Bd5 Nxb5 40. cxb5 Rxb5 41. Rb7 Rxb7 42. Bxb7 Kg7 43. Bc6 Kf6 44. Bxa4 Kg5 45. b4 Kf4 46. Bd7 Bd6 47. b5 Bc7 48. Kc2 Ke5 49. Kd3 g5 50. Kc4 Bb6 51. Bf5 h5 52. g3 h4 53. gxh4 gxh4 54. Bh3 Be3 55. Bg2 Bb6 56. f4+ Kxf4 57. Kd5 Bc7 58. Bh1 h3 59. Kc6 Be5 60. b6 Kg3 61. Kd5 Kf4 62. b7 Bb8 63. Kd4 Be5+ 64. Kd3 Kg3 65. Ke3 Kh2 66. Bf3 Kg1 67. Ke2 Bb8 68. Ke3 Be5 69. Ke2 1/2-1/2

[Event "Wch U14"]
[Site "Kemer"]
[Date "2007.11.19"]
[Round "2"]
[White "Tillyaev, Ulugbek"]
[Black "Mai, Lloyd"]
[Result "0-1"]
[WhiteElo "2067"]
[BlackElo "2166"]
[PlyCount "70"]
[EventDate "2007.11.18"]
[EventType "swiss"]
[EventRounds "11"]
[EventCountry "TUR"]
[SourceTitle "CBM 121 Extra"]
[Source "ChessBase"]
[SourceDate "2008.01.10"]
[SourceVersion "1"]
[SourceVersionDate "2008.01.10"]
[SourceQuality "1"]

1. e4 c5 2. Nf3 d6 3. d4 cxd4 4. Nxd4 Nf6 5. Nc3 g6 6. Be3 Bg7 7. f3 0-0 8. Qd2 Nc6 9. 0-0-0 d5 10. exd5 Nxd5 11. Nxc6 bxc6 12. Bd4 Nxc3 13. Qxc3 Bh6+ 14. Be3 Bxe3+ 15. Qxe3 Qb6 16. Qe5 Be6 17. h4 Rfd8 18. Rxd8+ Rxd8 19. Bd3 Rd5 20. Qe2 Qa5 21. a3 Re5 22. Qf2 c5 23. f4 Rd5 24. g4 Rd8 25. Qe2 Qa4 26. f5 Ba2 27. Rf1 c4 28. Be4 c3 29. fxg6 hxg6 30. Rf3 Bc4 31. Qe1 cxb2+ 32. Kxb2 Qb5+ 33. Kc1 Qe5 34. c3 Rd3 35. Re3 Rxe3 0-1

[Event "CAN-ch"]
[Site "Kitchener"]
[Date "2007.08.03"]
[Round "4"]
[White "Mai, Lloyd"]
[Black "Thavandiran, Shiyam"]
[Result "0-1"]
[WhiteElo "2211"]
[BlackElo "2269"]
[PlyCount "72"]
[EventDate "2007.08.01"]
[EventType "swiss"]
[EventRounds "9"]
[EventCountry "CAN"]
[SourceTitle "EXT 2022"]
[Source "ChessBase"]
[SourceDate "2021.10.06"]
[SourceVersion "1"]
[SourceVersionDate "2021.10.06"]
[SourceQuality "1"]

1. e4 e6 2. d3 d5 3. Nd2 c5 4. g3 Bd6 5. Bg2 Ne7 6. f4 0-0 7. Ngf3 f6 8. 0-0 Nbc6 9. c3 Rb8 10. a3 b5 11. exd5 exd5 12. b4 a5 13. bxc5 Bxc5+ 14. Kh1 Nf5 15. Nb3 Ba7 16. d4 Be6 17. Re1 Bf7 18. Nc5 Nd6 19. Be3 Bxc5 20. dxc5 Ne4 21. Rc1 Re8 22. Nd4 Qd7 23. Bf1 Ne7 24. c6 Nxc6 25. Bxb5 Rxb5 26. Nxb5 Nxg3+ 27. Kg2 Bh5 28. Qb3 Ne4 29. h3 a4 30. Qxa4 Ne7 31. Qb3 Nf5 32. Bf2 Bf3+ 33. Kh2 Nxf2 34. Rxe8+ Qxe8 35. Qc2 Qe3 36. Qxf5 Ng4+ 0-1

[Event "Canadian op"]
[Site "Ottawa"]
[Date "2007.07.15"]
[Round "10"]
[White "O'Donnell, Tom"]
[Black "Mai, Lloyd"]
[Result "1-0"]
[WhiteElo "2367"]
[BlackElo "2211"]
[PlyCount "113"]
[EventDate "2007.07.07"]
[EventType "swiss"]
[EventRounds "10"]
[EventCountry "CAN"]
[SourceTitle "CBM 119 Extra"]
[Source "ChessBase"]
[SourceDate "2007.09.04"]
[SourceVersion "1"]
[SourceVersionDate "2007.09.04"]
[SourceQuality "1"]

1. d4 Nf6 2. c4 g6 3. Nc3 Bg7 4. e4 d6 5. Nf3 0-0 6. Be2 e5 7. 0-0 Nc6 8. d5 Ne7 9. b4 Nh5 10. Re1 f5 11. Ng5 Nf4 12. g3 Nxe2+ 13. Qxe2 h6 14. Ne6 Bxe6 15. dxe6 Rf6 16. c5 Rxe6 17. Qc4 Qd7 18. cxd6 cxd6 19. Nd5 Nxd5 20. Qxd5 fxe4 21. Rxe4 Kh7 22. Be3 Rf6 23. Rd1 Re6 24. Rc4 Bf6 25. Rdc1 Bd8 26. h4 a6 27. a4 Rf6 28. a5 Rf7 29. Rd1 Bf6 30. Bb6 Bd8 31. Qxd6 Qxd6 32. Rxd6 Bxb6 33. Rxb6 Raf8 34. Rc2 h5 35. Re6 Rf5 36. Re2 Kg7 37. R6xe5 Rxe5 38. Rxe5 Kf6 39. Rc5 Rf7 40. Kg2 Ke6 41. b5 Kd6 42. Rg5 axb5 43. Rxb5 Kc7 44. Rb6 Rg7 45. f4 Kd8 46. Re6 Kd7 47. Re5 Rg8 48. Rg5 Ra8 49. Kf3 Ke7 50. Rb5 Kf6 51. Ke4 Re8+ 52. Kd4 Ra8 53. Kc5 Kf5 54. Kb6+ Kg4 55. Rg5+ Kf3 56. Kxb7 Rg8 57. a6 1-0

[Event "Canadian op"]
[Site "Ottawa"]
[Date "2007.07.08"]
[Round "3"]
[White "Mai, Lloyd"]
[Black "Kunte, Abhijit"]
[Result "0-1"]
[WhiteElo "2211"]
[BlackElo "2519"]
[PlyCount "86"]
[EventDate "2007.07.07"]
[EventType "swiss"]
[EventRounds "10"]
[EventCountry "CAN"]
[SourceTitle "CBM 119 Extra"]
[Source "ChessBase"]
[SourceDate "2007.09.04"]
[SourceVersion "1"]
[SourceVersionDate "2007.09.04"]
[SourceQuality "1"]

1. e4 c5 2. Nf3 e6 3. d3 Nc6 4. g3 d5 5. Nbd2 g6 6. Bg2 Bg7 7. 0-0 Nge7 8. Re1 h6 9. Qe2 b6 10. c3 Ba6 11. e5 g5 12. Bh3 Qc7 13. Qe3 Bb7 14. a3 d4 15. cxd4 cxd4 16. Nxd4 Qxe5 17. Nxc6 Qxe3 18. fxe3 Bxc6 19. Bg2 Bxg2 20. Kxg2 Rc8 21. Nc4 0-0 22. a4 Rfd8 23. Ra3 Ng6 24. Kf3 Rd5 25. e4 Rd7 26. Be3 f5 27. h3 Rxd3 28. Rxd3 fxe4+ 29. Kxe4 Rxc4+ 30. Bd4 e5 31. Kd5 Rxd4+ 32. Rxd4 exd4 33. Kc6 d3 34. b3 d2 35. Re8+ Kf7 36. Rd8 Bc3 37. Kb7 Ke7 38. Rd5 Ke6 39. Rd8 Ne5 40. Kc7 Nf3 41. Rd3 Ke5 42. Re3+ Kd4 43. Re6 Kd3 0-1

[Event "CAN-ch U14"]
[Site "Ottawa"]
[Date "2007.07.06"]
[Round "7"]
[White "Jiang, Louie"]
[Black "Mai, Lloyd"]
[Result "1-0"]
[WhiteElo "2225"]
[BlackElo "2270"]
[PlyCount "109"]
[EventDate "2007.07.03"]
[EventType "swiss"]
[EventRounds "7"]
[EventCountry "CAN"]
[SourceTitle "EXT 2022"]
[Source "ChessBase"]
[SourceDate "2021.10.06"]
[SourceVersion "1"]
[SourceVersionDate "2021.10.06"]
[SourceQuality "1"]

1. e4 c5 2. Nf3 d6 3. d4 cxd4 4. Nxd4 Nf6 5. Nc3 g6 6. Be3 Bg7 7. f3 0-0 8. Qd2 Nc6 9. 0-0-0 d5 10. Kb1 Rb8 11. Ndb5 a6 12. Na7 e6 13. g4 Ne5 14. Nxc8 Qxc8 15. exd5 Nxf3 16. Qe2 Ne5 17. Bf4 Nfd7 18. dxe6 fxe6 19. Rxd7 Qxd7 20. Bxe5 Bxe5 21. Qxe5 b5 22. Bh3 Qg7 23. Qxe6+ Kh8 24. Re1 Rf6 25. Qe5 Rbf8 26. Ne4 Rf4 27. Qxg7+ Kxg7 28. Nc5 Kh8 29. Nd3 Rd4 30. Kc1 Rc8 31. Kd2 Rdc4 32. c3 a5 33. g5 R8c7 34. Re8+ Kg7 35. Be6 h5 36. Bxc4 Rxc4 37. Ke3 Rh4 38. Nf2 b4 39. Re4 bxc3 40. bxc3 Rxh2 41. Kf3 h4 42. Rg4 Kf7 43. Rg1 Ke6 44. c4 a4 45. Rg2 Rxg2 46. Kxg2 Kf5 47. Kf3 Kxg5 48. Ke4 Kf6 49. c5 Ke6 50. Nh3 Kf6 51. Kd5 g5 52. c6 g4 53. c7 gxh3 54. c8Q h2 55. Qh3 1-0